Fotopantun genre baharu : Ekspresi warisan, seni & budaya Pulau Pinang

Bibliographic Details
Format: Book
Published: Pulau Pinang : Persatuan Karyawan Pulau Pinang 2023
Subjects:

MARC

LEADER 00000cam a2200000 7i4500
001 0000094884
005 20250312094114.0
020 |a 9786299816218 (  |q (paperback)) 
040 |e rda 
041 |a Malay 
090 0 0 |a 899.2313   |b FOT 
245 1 0 |a Fotopantun genre baharu :   |b Ekspresi warisan, seni & budaya Pulau Pinang 
264 1 |a Pulau Pinang :   |b Persatuan Karyawan Pulau Pinang   |c 2023 
300 |a 95 pages :   |b color illustrations ;   |c 23 cm. 
336 |a text  |2 rdacontent 
337 |a unmediated  |2 rdamedia 
338 |a volume  |2 rdacarrier 
541 |c Purchased on 2024   |f 00419 IZZ   |h RM240.00 
650 0 |a Art, Malaysia   |z Malaysia   |z Pulau Pinang 
650 0 |a Pantoums 
650 0 |z Pulau Pinang   |x Social life & customs 
999 |a 0001815974   |b Book   |c Adult Collection   |e Perbadanan Perpustakaan Awam Johor